000 00689nam a2200121Ia 4500
008 220620s9999||||xx |||||||||||||| ||und||
100 _aKiss, Aron
245 0 _aEssays in Political Economy and International Public Finance
546 _aEnglish[eng]
650 _aEconomy||Essays||Finance||International||Kiss||öffentliche Finanzen||Ökonomie||Political||Public||Spieltheorie
856 _uhttps://library.oapen.org/bitstream/20.500.12657/26693/1/1003368.pdf||https://library.oapen.org/bitstream/20.500.12657/26693/1/1003368.pdf||https://library.oapen.org/bitstream/20.500.12657/26693/1/1003368.pdf||https://library.oapen.org/bitstream/20.500.12657/26693/1/1003368.pdf
942 _cEB
999 _c30820
_d30820